Češi euro Slovákům zatím nezávidí

Postoj Česka k euru. Váhavá stratégia vády. Rivalita medzi Čechmi a Slovákmi. Obavy v súvislosti so zavedením eura v Česku.

Salvato in:
Dettagli Bibliografici
Natura: Capitolo di libro
Lingua:ceco
Soggetti:
Tags: Aggiungi Tag
Nessun Tag, puoi essere il primo ad aggiungerne!!

MARC

LEADER 00000naa$a2200000$$$4500
001 0088773
005 20230804110858.4
041 0 |a cze 
044 |a CZ 
245 1 0 |a Češi euro Slovákům zatím nezávidí 
520 |a Postoj Česka k euru. Váhavá stratégia vády. Rivalita medzi Čechmi a Slovákmi. Obavy v súvislosti so zavedením eura v Česku. 
610 2 0 |a euro 
610 2 0 |a euromena 
610 2 0 |a Česko